Métodos para la enseñanza de las competencias

সংরক্ষণ করুন:
গ্রন্থ-পঞ্জীর বিবরন
প্রধান লেখক: Zabala Vidiella, Antoni (Author), Arnau Belmonte, Laia (Author)
বিন্যাস: গ্রন্থ
ভাষা:স্প্যানিশ
প্রকাশিত: Barcelona Grao 2014
সংস্করন:1a. ed
মালা:Serie Competencias, 304
বিষয়গুলি:
ট্যাগগুলো: ট্যাগ যুক্ত করুন
কোনো ট্যাগ নেই, প্রথমজন হিসাবে ট্যাগ করুন!

MARC

LEADER 00000cam a2200000 a 4500
001 UCD3376
003 CL-VaPUC
008 160603e20140700sp |||||||||||||||||spa|d
020 |a 9788499805450 
082 0 4 |a 371.39  |b ZAB  |2 21 
100 0 |a Zabala Vidiella, Antoni  |e author  |9 586818 
700 0 |a Arnau Belmonte, Laia  |e author  |9 586819 
245 1 0 |a Métodos para la enseñanza de las competencias 
250 |a 1a. ed 
300 |a 208 p 
942 |c BK 
945 |d 20160603 11:43:00  |a arojas 
260 |a Barcelona  |b Grao  |c 2014 
650 7 |a COMPETENCIAS EN EDUCACION  |2 CL-VaPUC  |9 586820 
650 0 |a Métodos de enseñanza  |9 270413 
650 0 |a Calidad de la educación   |9 307271 
583 |a last modification  |c 20160603 11:43:00  |k Rodrigo Vera 
490 0 |a Serie Competencias, 304 
999 |c 364412  |d 364410 
952 |0 0  |1 0  |3 erb  |4 0  |6 371_390000000000000_ZAB_2014  |7 0  |8 A  |9 477582  |a BIBEDU  |b BIBEDU  |i 5288754  |l 3  |o 371.39 ZAB 2014  |p 5288754  |r 2022-10-04  |s 2022-10-04  |w 2019-11-24  |y BK  |z Catalogado en:20160603  |k EDI